Detalles MARC
| 000 -LIDER |
| fixed length control field |
01641nam a2200325 a 4500 |
| 001 - NÚMERO DE CONTROL |
| Identificador de número de control |
000025206 |
| 003 - IDENTIFICACDOR DE NÚMERO DE CONTROL |
| control field |
DO-SdBNP |
| 005 - DATE AND TIME OF LATEST TRANSACTION |
| control field |
20221020111457.0 |
| 008 - ELEMENTOS DE LONGITUD FIJA |
| fixed length control field |
110211s1998 dr ab 000 0 spa d |
| 020 ## - ISBN |
| International Standard Book Number |
8489525587 |
| 040 ## - FUENTE DE CATALOGACIÓN |
| Agencia que crea de manera original el registro |
DO-SdBNP |
| Idioma de catalogación |
spa |
| Agencia que realiza la transcripción |
BPMSU |
| 082 ## - NÚMERO DE CLASIFICACIÓN DECIMAL DE DEWEY |
| Classification number |
305.563 |
| Item number |
L925j 1998 |
| Edition number |
22 |
| 100 1# - ASIENTO PRINCIPAL -- NOMBRE PERSONAL |
| Nombre personal |
Lozano, Wilfredo |
| Fechas asociadas con el nombre |
1950- |
| 245 10 - MENCIÓN DE TITULO |
| Título |
Jornaleros e inmigrantes / |
| Mención de responsabilidad |
Wilfredo Lozano. |
| 260 ## - PUBLICACIÓN, DISTRIBUCIÓN, ETC. (PIE DE IMPRENTA) |
| Lugar de publicación, distribución, etc |
Santo Domingo : |
| Nombre del editor, distribuidor, etc. |
FLASCO |
| -- |
INTEC, |
| Fecha de publicación, distribución, etc |
1998. |
| 300 ## - DESCRIPCIÓN FÍSICA |
| Extensión |
189 p. : |
| Otros detalles físicos |
il., map. ; |
| Dimensiones |
22 cm. |
| 500 ## - NOTA GENERAL |
| Nota general |
Incluye datos biográficos del autor en la solapa de la contracubierta |
| 504 ## - NOTA DE BIBLIOGRAFÍA, ETC. |
| Bibliography, etc |
Incluye referencias bibliográficas y notas al pie de las páginas |
| 504 ## - NOTA DE BIBLIOGRAFÍA, ETC. |
| Bibliography, etc |
Bibliografía : p. 173-181 |
| 505 ## - NOTA DE CONTENIDO |
| Texto normalizado de contenido |
Tipología de los jornaleros 21 -- Características sociodemográficas de los jornaleros 29 -- El proceso de incorporación al mercado de trabajo y la demanda estacional de mano de obra 31 -- El flujo estacional de mano de obra y sus diferencias regionales 52 -- Los proceso migratorios estacionales y el mercado de trabajo 58 -- Los mecanismos de reclutamientos y contratación y el control de la movilidad del trabajo 81 -- Economía política de la cosecha 90 |
| 590 ## - NOTA LOCAL |
| Enlace |
Inventariado, 2022/VM |
| 650 #4 - ENCABEZAMIENTO DE MATERIA--TEMÁTICO |
| Término temático o nombre geográfico como elemento de entrada |
Trabajadores agrícolas extranjeros |
| Subdivisión geográfica |
República Dominicana |
| 650 #4 - ENCABEZAMIENTO DE MATERIA--TEMÁTICO |
| Término temático o nombre geográfico como elemento de entrada |
Extranjeros ilegales |
| Subdivisión geográfica |
República Dominicana |
| 651 #4 - ENCABEZAMIENTO DE MATERIA--NOMBRE GEOGRÁFICO |
| Nombre geográfico |
República Dominicana |
| Subdivisión temática general |
Emigración inmigración |
| 651 #4 - ENCABEZAMIENTO DE MATERIA--NOMBRE GEOGRÁFICO |
| Nombre geográfico |
Haití |
| Subdivisión temática general |
Emigración inmigración |
| 710 2# - ASIENTO SECUNDARIO -- NOMBRE CORPORATIVO |
| Nombre corporativo o de jurisdicción |
Facultad Latinoamericana de Ciencias Sociales |
| 710 2# - ASIENTO SECUNDARIO -- NOMBRE CORPORATIVO |
| Nombre corporativo o de jurisdicción |
Instituto Tecnológico de Santo Domingo |
| 910 ## - VALIDACIÓN |
| Validación |
VMateo V./Validado |
| 942 ## - ADDED ENTRY ELEMENTS (KOHA) |
| Source of classification or shelving scheme |
Dewey Decimal Classification |
| Koha item type |
Libros |